Techniques of growing orange in siem reap province បច្ចេកទេសដាំដុះដំណាំក្រូចពោធិ័សាត់នៅខេត្តសៀមរាប (Record no. 429)
[ view plain ]
| 000 -LEADER | |
|---|---|
| fixed length control field | 00513nam a22001457a 4500 |
| 003 - CONTROL NUMBER IDENTIFIER | |
| control field | OSt |
| 005 - DATE AND TIME OF LATEST TRANSACTION | |
| control field | 20150914111501.0 |
| 008 - FIXED-LENGTH DATA ELEMENTS--GENERAL INFORMATION | |
| fixed length control field | 150914b xxu||||| |||| 00| 0 eng d |
| 040 ## - CATALOGING SOURCE | |
| Transcribing agency | RUA |
| 082 ## - DEWEY DECIMAL CLASSIFICATION NUMBER | |
| Classification number | AGR HEN 2001 B023 Or.1 |
| 100 ## - MAIN ENTRY--PERSONAL NAME | |
| 9 (RLIN) | 450 |
| Personal name | HENG, CHEARATH. |
| 245 ## - TITLE STATEMENT | |
| Title | Techniques of growing orange in siem reap province បច្ចេកទេសដាំដុះដំណាំក្រូចពោធិ័សាត់នៅខេត្តសៀមរាប |
| 300 ## - PHYSICAL DESCRIPTION | |
| Extent | 46p. |
| Other physical details | ill. |
| Dimensions | 29cm. |
| 942 ## - ADDED ENTRY ELEMENTS (KOHA) | |
| Source of classification or shelving scheme | |
| Koha item type | AGR |
| Price effective from | Date last seen | Permanent Location | Not for loan | Date acquired | Date last checked out | Source of classification or shelving scheme | Koha item type | Total Checkouts | Barcode | Lost status | Damaged status | Withdrawn status | Current Location | Full call number |
|---|---|---|---|---|---|---|---|---|---|---|---|---|---|---|
| 2015-09-14 | 2019-12-04 | Library Block B | 2015-09-14 | 2019-11-18 | AGR | 8 | RUA002431 | Library Block B | AGR HEN 2001 B023 Or.1 |